[Event "Warsaw Maciei Memorial"]
[Site "Warsaw"]
[Date "2021.07.09"]
[Round "1"]
[White "Dragun, Kamil"]
[Black "Staszewski, Krzysztof"]
[Result "1-0"]
[WhiteElo "2557"]
[BlackElo "1455"]
[PlyCount "82"]
[EventDate "2021.07.09"]
[EventType "swiss (blitz)"]
[EventRounds "11"]
[EventCountry "POL"]
[SourceTitle "CBM 203 Extra"]
[Source "ChessBase"]
[SourceDate "2021.09.30"]
[SourceVersion "1"]
[SourceVersionDate "2021.09.30"]
[SourceQuality "1"]

1. Nf3 Nf6 2. g3 g6 3. Bg2 Bg7 4. 0-0 0-0 5. c4 c5 6. d4 cxd4 7. Nxd4 Nc6 8. Nc3 a6 9. c5 Ng4 10. Nb3 h5 11. Nd5 Nce5 12. Bg5 Nf6 13. Nxf6+ exf6 14. Bf4 Re8 15. Qd5 Qe7 16. Rac1 Qe6 17. Rfd1 g5 18. Bd2 Ng4 19. Nd4 Qxd5 20. Bxd5 Ne5 21. Nf5 Rb8 22. Ba5 Nc6 23. Bc7 Ra8 24. e4 Bf8 25. a3 b5 26. cxb6 Bb7 27. b4 Rec8 28. Bd6 Re8 29. Bxf8 Rxf8 30. Nd6 Rab8 31. Nxb7 Rxb7 32. Bxc6 dxc6 33. Rxc6 Rfb8 34. Rdd6 Kg7 35. Rxf6 Re8 36. f3 Rd8 37. Rfd6 Re8 38. Kf2 Rbe7 39. Rc7 Rxc7 40. bxc7 Rc8 41. Rc6 Ra8 1-0

[Event "Warsaw YMCA Winter-D 166th"]
[Site "Warsaw"]
[Date "2016.03.15"]
[Round "11"]
[White "Staszewski, Krzysztof"]
[Black "Matyszkiewicz, Wiktor"]
[Result "0-1"]
[WhiteElo "1496"]
[BlackElo "1412"]
[PlyCount "70"]
[EventDate "2016.01.05"]
[EventType "tourn"]
[EventRounds "13"]
[EventCountry "POL"]
[SourceTitle "EXT 2019"]
[Source "ChessBase"]
[SourceDate "2018.10.10"]
[SourceVersion "1"]
[SourceVersionDate "2018.10.10"]
[SourceQuality "1"]

1. c4 Nf6 2. Nc3 g6 3. e4 d6 4. d4 Bg7 5. Nf3 0-0 6. Bg5 Nbd7 7. e5 dxe5 8. Nxe5 Nxe5 9. dxe5 Ng4 10. Nd5 f6 11. exf6 exf6 12. Be3 c6 13. h3 Nxe3 14. Nxe3 Qa5+ 15. Qd2 Qxd2+ 16. Kxd2 f5 17. Kc2 f4 18. Ng4 Bf5+ 19. Bd3 Bxd3+ 20. Kxd3 h5 21. Nh2 Bxb2 22. Rab1 Rad8+ 23. Kc2 Bd4 24. Rxb7 Bxf2 25. Rc7 Be3 26. Nf3 Rc8 27. Rd7 Rcd8 28. Rhd1 Rxd7 29. Rxd7 Rf6 30. Kd3 Kf8 31. Ne5 Re6 32. Ke4 Bc5 33. Rd8+ Ke7 34. Rd7+ Ke8 35. Kxf4 Rxe5 0-1

[Event "Warsaw YMCA Winter-D 166th"]
[Site "Warsaw"]
[Date "2016.02.23"]
[Round "8"]
[White "Staszewski, Krzysztof"]
[Black "Matyszkiewicz, Radoslaw"]
[Result "1-0"]
[WhiteElo "1496"]
[BlackElo "1297"]
[PlyCount "73"]
[EventDate "2016.01.05"]
[EventType "tourn"]
[EventRounds "13"]
[EventCountry "POL"]
[SourceTitle "EXT 2019"]
[Source "ChessBase"]
[SourceDate "2018.10.10"]
[SourceVersion "1"]
[SourceVersionDate "2018.10.10"]
[SourceQuality "1"]

1. c4 Nf6 2. Nc3 g6 3. g3 Bg7 4. Bg2 0-0 5. Nf3 d6 6. 0-0 Be6 7. Ng5 c6 8. Nxe6 fxe6 9. d4 Nbd7 10. e4 Rc8 11. Bh3 e5 12. dxe5 Nxe5 13. f4 Ned7 14. Be3 Ra8 15. Qc2 Bh6 16. Rad1 Nb6 17. c5 Nc4 18. Be6+ Kh8 19. Bxc4 Qc8 20. cxd6 exd6 21. Rxd6 Ng4 22. Bd4+ Bg7 23. Qd3 Qc7 24. Bxg7+ Qxg7 25. h3 Nf6 26. e5 Ne8 27. Rd7 Qh6 28. Kg2 b5 29. Be6 Ng7 30. Bg4 g5 31. f5 Rae8 32. f6 Ne6 33. Bxe6 Rxe6 34. Re7 Rxe7 35. fxe7 Re8 36. Qd6 Qg7 37. Rf8+ 1-0